[Event "Saratov Region-ch Seniors"]
[Site "Saratov"]
[Date "2017.11.08"]
[Round "8"]
[White "Arhangelsky, Vladislav"]
[Black "Buravlev, Yuriy"]
[Result "1-0"]
[WhiteElo "2268"]
[BlackElo "1786"]
[PlyCount "129"]
[EventDate "2017.11.01"]
[EventType "swiss"]
[EventRounds "9"]
[EventCountry "RUS"]
[SourceTitle "EXT 2019"]
[Source "ChessBase"]
[SourceDate "2018.10.10"]
[SourceVersion "1"]
[SourceVersionDate "2018.10.10"]
[SourceQuality "1"]

1. e4 c5 2. Nf3 d6 3. g3 Nd7 4. Bg2 Ngf6 5. d3 e6 6. 0-0 Be7 7. Nc3 0-0 8. d4 cxd4 9. Nxd4 a6 10. a4 Qc7 11. Kh1 Rb8 12. a5 b5 13. axb6 Rxb6 14. Na4 Rb8 15. b3 Bb7 16. Re1 d5 17. exd5 Nxd5 18. Bb2 Bb4 19. Rf1 Rfd8 20. c4 N5f6 21. Qc2 Bxg2+ 22. Kxg2 Bd6 23. Rfd1 Be5 24. Kg1 Qb7 25. Rd3 Rdc8 26. Rad1 h5 27. Qe2 Qc7 28. f4 Bxd4+ 29. Bxd4 Qc6 30. h3 Re8 31. Re3 Rb4 32. Rdd3 g6 33. g4 Reb8 34. Be5 Rc8 35. Kh2 Qb7 36. Kg3 Qh1 37. Rd1 Qb7 38. Qf3 Qa7 39. Bd4 Qb8 40. Rdd3 Qc7 41. Kg2 Qb8 42. Ba1 Qc7 43. Bb2 Qb8 44. Ba3 Rb7 45. Bd6 Qa7 46. f5 exf5 47. gxf5 g5 48. Qg3 Nh7 49. h4 Ndf6 50. hxg5 Ng4 51. Re2 Nxg5 52. Qh4 f6 53. Qxh5 Rg7 54. Re8+ Rxe8 55. Qxe8+ Kh7 56. c5 Qb7+ 57. c6 Qb5 58. Nc5 Qa5 59. Qe2 Qb6 60. Qxg4 Qxc6+ 61. Kf2 Nf7 62. Qf3 Qb5 63. Ne6 Rg8 64. Qh3+ Nh6 65. Bf8 1-0

[Event "Saratov Region-ch Seniors"]
[Site "Saratov"]
[Date "2017.11.07"]
[Round "7"]
[White "Efimov, Ivan"]
[Black "Arhangelsky, Vladislav"]
[Result "1-0"]
[WhiteElo "2075"]
[BlackElo "2268"]
[PlyCount "57"]
[EventDate "2017.11.01"]
[EventType "swiss"]
[EventRounds "9"]
[EventCountry "RUS"]
[SourceTitle "EXT 2019"]
[Source "ChessBase"]
[SourceDate "2018.10.10"]
[SourceVersion "1"]
[SourceVersionDate "2018.10.10"]
[SourceQuality "1"]

1. e4 e5 2. Nf3 d6 3. Bc4 Be7 4. d4 exd4 5. Nxd4 Nf6 6. Nc3 0-0 7. 0-0 Nxe4 8. Nxe4 d5 9. Bd3 dxe4 10. Bxe4 Bf6 11. Be3 Nd7 12. c3 Nc5 13. Bxh7+ Kxh7 14. Qh5+ Kg8 15. Qxc5 c6 16. Rad1 Qe7 17. Qh5 Qe4 18. h3 g6 19. Qh6 c5 20. Nb5 b6 21. Nd6 Qe6 22. Nxc8 Raxc8 23. a3 Rcd8 24. Qf4 Be5 25. Qa4 Bb8 26. Rfe1 Qf5 27. Bh6 Rxd1 28. Rxd1 Rc8 29. Qd7 1-0

[Event "Saratov Region-ch Seniors"]
[Site "Saratov"]
[Date "2017.11.05"]
[Round "5"]
[White "Arhangelsky, Vladislav"]
[Black "Kupinskaja, Evgeny"]
[Result "1-0"]
[WhiteElo "2268"]
[BlackElo "1449"]
[PlyCount "75"]
[EventDate "2017.11.01"]
[EventType "swiss"]
[EventRounds "9"]
[EventCountry "RUS"]
[SourceTitle "EXT 2019"]
[Source "ChessBase"]
[SourceDate "2018.10.10"]
[SourceVersion "1"]
[SourceVersionDate "2018.10.10"]
[SourceQuality "1"]

1. e4 e6 2. d3 d5 3. Nd2 Nf6 4. Ngf3 c5 5. Be2 Nc6 6. 0-0 Bd6 7. c3 b6 8. Re1 Bb7 9. exd5 Nxd5 10. Nc4 Bf4 11. Ne3 Nxe3 12. fxe3 Bc7 13. d4 cxd4 14. exd4 0-0 15. Bg5 Qd5 16. Qb3 Qf5 17. Be3 Na5 18. Qb5 Bd5 19. Qd3 Qg4 20. b3 a6 21. Bd1 Nc6 22. Qe2 b5 23. Qf2 Qf5 24. Bc2 Qh5 25. h3 Ne7 26. Bd2 Nf5 27. Bxf5 Qxf5 28. Ne5 Qh5 29. Bf4 Rfc8 30. Nd3 Qg6 31. Re3 Bxf4 32. Nxf4 Qf5 33. Re5 Qf6 34. Qg3 Qd8 35. Nxd5 exd5 36. Qf3 Qc7 37. Rae1 g6 38. Re7 1-0

[Event "Saratov Region-ch Seniors"]
[Site "Saratov"]
[Date "2017.11.02"]
[Round "2"]
[White "Zhidov, Nikolay"]
[Black "Arhangelsky, Vladislav"]
[Result "0-1"]
[WhiteElo "1544"]
[BlackElo "2268"]
[PlyCount "66"]
[EventDate "2017.11.01"]
[EventType "swiss"]
[EventRounds "9"]
[EventCountry "RUS"]
[SourceTitle "EXT 2019"]
[Source "ChessBase"]
[SourceDate "2018.10.10"]
[SourceVersion "1"]
[SourceVersionDate "2018.10.10"]
[SourceQuality "1"]

1. e4 e5 2. Nf3 Nc6 3. Bb5 a6 4. Ba4 Nf6 5. d4 exd4 6. e5 Ne4 7. Bxc6 dxc6 8. Qxd4 Qxd4 9. Nxd4 Bd7 10. 0-0 0-0-0 11. Be3 Re8 12. f3 Nc5 13. Bf4 h6 14. Nc3 Ne6 15. Nxe6 Bxe6 16. Rfe1 c5 17. a3 b5 18. Be3 Bf5 19. f4 Bxc2 20. Rac1 Bd3 21. Nd1 c4 22. Nf2 Bf5 23. Red1 Be7 24. Bd4 Rd8 25. g4 Bxg4 26. Nxg4 Rxd4 27. Ne3 Bc5 28. Kg2 Rxf4 29. Re1 Rd8 30. Kg3 g5 31. Re2 Rd3 32. Rce1 Re4 33. Kf3 Rxe5 0-1

[Event "Saratov Region-ch Seniors"]
[Site "Saratov"]
[Date "2015.11.09"]
[Round "7"]
[White "Zhizduk, Vladimir"]
[Black "Arhangelsky, Vladislav"]
[Result "1/2-1/2"]
[WhiteElo "1940"]
[BlackElo "2280"]
[PlyCount "52"]
[EventDate "2015.11.02"]
[EventType "swiss"]
[EventRounds "7"]
[EventCountry "RUS"]
[SourceTitle "CBM 169 Extra"]
[Source "ChessBase"]
[SourceDate "2015.12.18"]
[SourceVersion "1"]
[SourceVersionDate "2015.12.18"]
[SourceQuality "1"]

1. d4 Nf6 2. e3 d6 3. Bd3 g6 4. Nf3 Bg7 5. 0-0 0-0 6. c4 Nbd7 7. Nc3 b6 8. Rb1 Bb7 9. b4 c5 10. bxc5 dxc5 11. d5 Ng4 12. Bb2 Nge5 13. Ne4 Nxf3+ 14. Qxf3 Ne5 15. Bxe5 Bxe5 16. Nxc5 Bxh2+ 17. Kh1 bxc5 18. Rxb7 Bd6 19. g3 Qa5 20. Qe2 Rfb8 21. Rfb1 Rxb7 22. Rxb7 Rb8 23. Rxb8+ Bxb8 24. Qg4 Bd6 25. Qe2 Qc3 26. Kg2 Kg7 1/2-1/2

[Event "Saratov Region-ch Seniors"]
[Site "Saratov"]
[Date "2015.11.07"]
[Round "5"]
[White "Upolovnev, Vladimir"]
[Black "Arhangelsky, Vladislav"]
[Result "0-1"]
[WhiteElo "1869"]
[BlackElo "2280"]
[PlyCount "66"]
[EventDate "2015.11.02"]
[EventType "swiss"]
[EventRounds "7"]
[EventCountry "RUS"]
[SourceTitle "CBM 169 Extra"]
[Source "ChessBase"]
[SourceDate "2015.12.18"]
[SourceVersion "1"]
[SourceVersionDate "2015.12.18"]
[SourceQuality "1"]

1. Nf3 Nf6 2. g3 b5 3. d3 Bb7 4. e4 e6 5. Bg2 c5 6. 0-0 Be7 7. Re1 0-0 8. a4 b4 9. Nbd2 Nc6 10. b3 d5 11. Bb2 Qc7 12. exd5 exd5 13. d4 Nd7 14. Rc1 Bf6 15. c3 Qd8 16. cxb4 Nxb4 17. Nf1 Rc8 18. Qd2 a5 19. Bh3 c4 20. Ne5 Bxe5 21. dxe5 Nd3 22. e6 fxe6 23. Bxe6+ Kh8 24. Bxd7 Qxd7 25. bxc4 Nxe1 26. Rxe1 Rxc4 27. Ne3 Rxa4 28. Bd4 Qf7 29. Ng4 Qf5 30. Ne5 Ba6 31. g4 Qf4 32. Qxf4 Rxf4 33. Nf7+ Kg8 0-1

[Event "Saratov-ch"]
[Site "Saratov"]
[Date "2009.03.04"]
[Round "6"]
[White "Kahramanov, Bahtijar"]
[Black "Arhangelsky, Vladislav"]
[Result "1-0"]
[WhiteElo "2009"]
[BlackElo "2343"]
[PlyCount "43"]
[EventDate "2009.02.26"]
[EventType "swiss"]
[EventRounds "9"]
[EventCountry "RUS"]
[SourceTitle "CBM 129 Extra"]
[Source "ChessBase"]
[SourceDate "2009.05.05"]
[SourceVersion "2"]
[SourceVersionDate "2009.05.20"]
[SourceQuality "1"]

1. e4 e5 2. Nf3 Nc6 3. Bb5 a6 4. Ba4 Nf6 5. 0-0 Nxe4 6. d4 b5 7. Bb3 d5 8. dxe5 Be6 9. Nbd2 Be7 10. c3 0-0 11. Bc2 Nc5 12. Nb3 Nd7 13. Re1 Re8 14. Nbd4 Ncb8 15. Nxe6 fxe6 16. Nd4 Nf8 17. Qg4 Bc5 18. Re3 Bxd4 19. cxd4 c5 20. Rh3 Ra7 21. Bg5 Qa5 22. Bxh7+ 1-0

[Event "Saratov-ch"]
[Site "Saratov"]
[Date "2009.03.03"]
[Round "5"]
[White "Arhangelsky, Vladislav"]
[Black "Nikolaev, Alexander"]
[Result "1-0"]
[WhiteElo "2343"]
[BlackElo "1987"]
[PlyCount "91"]
[EventDate "2009.02.26"]
[EventType "swiss"]
[EventRounds "9"]
[EventCountry "RUS"]
[SourceTitle "CBM 129 Extra"]
[Source "ChessBase"]
[SourceDate "2009.05.05"]
[SourceVersion "2"]
[SourceVersionDate "2009.05.20"]
[SourceQuality "1"]

1. e4 e6 2. Qe2 c5 3. Nc3 Nc6 4. Nf3 Be7 5. d3 d5 6. exd5 exd5 7. h3 Nf6 8. g3 0-0 9. Bg2 Re8 10. 0-0 b6 11. Qd1 Bb7 12. Re1 d4 13. Ne2 Nd5 14. Nf4 Nxf4 15. Bxf4 Qd7 16. Qd2 Bd6 17. Bxd6 Qxd6 18. a3 a5 19. Rxe8+ Rxe8 20. Re1 Re7 21. Rxe7 Nxe7 22. c3 dxc3 23. Qxc3 f6 24. Ne1 Bxg2 25. Nxg2 Nf5 26. Qc4+ Kf8 27. Qe4 g6 28. Kf1 Nd4 29. Ne3 b5 30. Qa8+ Kf7 31. Qb7+ Kg8 32. Ng4 Qe6 33. Qb8+ Kg7 34. Qc7+ Kg8 35. Qxc5 Qe2+ 36. Kg2 Qxd3 37. Qc8+ Kf7 38. Qd7+ Kf8 39. Qd8+ Kf7 40. Qxf6+ Ke8 41. Qh8+ Ke7 42. Qxh7+ Kd6 43. Qd7+ Kc5 44. Qe7+ Kb6 45. Qd6+ Ka7 46. Qd5 1-0

[Event "Sukhumi op"]
[Site "Sukhumi"]
[Date "2008.08.07"]
[Round "5"]
[White "Khudjakov, Sergey"]
[Black "Arhangelsky, Vladislav"]
[Result "1-0"]
[WhiteElo "2212"]
[BlackElo "2343"]
[PlyCount "39"]
[EventDate "2008.08.03"]
[EventType "swiss"]
[EventRounds "9"]
[EventCountry "GEO"]
[SourceTitle "CBM 126 Extra"]
[Source "ChessBase"]
[SourceDate "2008.11.05"]
[SourceVersion "1"]
[SourceVersionDate "2008.11.05"]
[SourceQuality "1"]

1. d4 Nf6 2. c4 e6 3. Nc3 Bb4 4. e3 0-0 5. Bd3 c5 6. Nge2 d5 7. 0-0 cxd4 8. exd4 dxc4 9. Bxc4 Nc6 10. a3 Be7 11. Qd3 b6 12. Bf4 Bb7 13. Rad1 Na5 14. Ba2 Rc8 15. b4 Nc6 16. Qh3 Nb8 17. Be5 Nbd7 18. Nf4 g6 19. Rd3 Nd5 20. Nxe6 1-0

[Event "Saratov-ch op"]
[Site "Saratov"]
[Date "2008.03.15"]
[Round "5"]
[White "Biryukov, Dmitriy"]
[Black "Arhangelsky, Vladislav"]
[Result "1-0"]
[WhiteElo "2248"]
[BlackElo "2366"]
[PlyCount "63"]
[EventDate "2008.03.11"]
[EventType "swiss"]
[EventRounds "9"]
[EventCountry "RUS"]
[SourceTitle "EXT 2022"]
[Source "ChessBase"]
[SourceDate "2021.10.06"]
[SourceVersion "1"]
[SourceVersionDate "2021.10.06"]
[SourceQuality "1"]

1. e4 e5 2. Nf3 Nc6 3. Bb5 a6 4. Ba4 Nf6 5. 0-0 Nxe4 6. d4 b5 7. Bb3 d5 8. dxe5 Be6 9. c3 Be7 10. Nbd2 0-0 11. Qe2 Nxd2 12. Bxd2 Na5 13. Bc2 c5 14. Rfe1 Nc6 15. Bh6 Re8 16. Qd3 g6 17. Qd2 Rc8 18. Qf4 Qd7 19. Rad1 b4 20. Ng5 bxc3 21. bxc3 Qc7 22. Rd3 Bf5 23. Rxd5 Bxg5 24. Qxg5 f6 25. Qd2 Bxc2 26. Rd7 Bf5 27. Rxc7 Rxc7 28. Qd6 Ree7 29. Qxf6 Rc8 30. e6 Rce8 31. h3 Nd8 32. Bf8 1-0

[Event "Saratov-ch op"]
[Site "Saratov"]
[Date "2008.03.14"]
[Round "4"]
[White "Arhangelsky, Vladislav"]
[Black "Podlipalin, Vladimir"]
[Result "1-0"]
[WhiteElo "2366"]
[BlackElo "2171"]
[PlyCount "59"]
[EventDate "2008.03.11"]
[EventType "swiss"]
[EventRounds "9"]
[EventCountry "RUS"]
[SourceTitle "EXT 2022"]
[Source "ChessBase"]
[SourceDate "2021.10.06"]
[SourceVersion "1"]
[SourceVersionDate "2021.10.06"]
[SourceQuality "1"]

1. e4 c6 2. d4 d5 3. f3 dxe4 4. fxe4 e5 5. Nf3 Be6 6. c3 Nd7 7. Bd3 Ngf6 8. 0-0 Bd6 9. Ng5 Qc7 10. Nxe6 fxe6 11. h3 0-0-0 12. Nd2 exd4 13. cxd4 e5 14. Nc4 exd4 15. Nxd6+ Qxd6 16. Bf4 Ne5 17. b4 Qe6 18. b5 Rhe8 19. Bxe5 Qxe5 20. bxc6 Nxe4 21. Qa4 Kb8 22. Bxe4 Qxe4 23. c7+ Kxc7 24. Qxa7 Rd6 25. Rab1 Re7 26. Rfc1+ Kd7 27. Rxb7+ Ke8 28. Rc8+ Kf7 29. Rxe7+ Qxe7 30. Rc7 1-0

[Event "Saratov-ch op"]
[Site "Saratov"]
[Date "2008.03.13"]
[Round "3"]
[White "Zakharova, Alexandra"]
[Black "Arhangelsky, Vladislav"]
[Result "1/2-1/2"]
[WhiteElo "2138"]
[BlackElo "2366"]
[PlyCount "46"]
[EventDate "2008.03.11"]
[EventType "swiss"]
[EventRounds "9"]
[EventCountry "RUS"]
[SourceTitle "EXT 2022"]
[Source "ChessBase"]
[SourceDate "2021.10.06"]
[SourceVersion "1"]
[SourceVersionDate "2021.10.06"]
[SourceQuality "1"]

1. Nf3 Nf6 2. c4 c5 3. Nc3 g6 4. g3 Bg7 5. Bg2 0-0 6. d4 cxd4 7. Nxd4 Nc6 8. 0-0 Nxd4 9. Qxd4 d6 10. b3 d5 11. Rd1 Be6 12. Bb2 dxc4 13. Qf4 Qb8 14. Nb5 cxb3 15. Be5 Qe8 16. Nc7 Qc8 17. Nxa8 Qxa8 18. axb3 Rd8 19. Rxd8+ Qxd8 20. Qd4 Qxd4 21. Bxd4 Bxb3 22. Bxb7 Ne8 23. Bxg7 Kxg7 1/2-1/2

[Event "Saratov-ch op"]
[Site "Saratov"]
[Date "2008.03.12"]
[Round "2"]
[White "Arhangelsky, Vladislav"]
[Black "Baitzurov, Denis"]
[Result "1/2-1/2"]
[WhiteElo "2366"]
[BlackElo "2109"]
[PlyCount "80"]
[EventDate "2008.03.11"]
[EventType "swiss"]
[EventRounds "9"]
[EventCountry "RUS"]
[SourceTitle "EXT 2022"]
[Source "ChessBase"]
[SourceDate "2021.10.06"]
[SourceVersion "1"]
[SourceVersionDate "2021.10.06"]
[SourceQuality "1"]

1. e4 c6 2. d4 d5 3. e5 Bf5 4. Nc3 e6 5. g4 Bg6 6. Nge2 h6 7. Nf4 Bh7 8. Bd3 Bxd3 9. Nxd3 Nd7 10. Be3 Ne7 11. f4 h5 12. gxh5 Nf5 13. Bf2 Be7 14. Qf3 Qb6 15. 0-0-0 0-0-0 16. Ne2 Rh7 17. c3 Rdh8 18. Ng3 Qa6 19. Kb1 Bf8 20. Ne1 Nb6 21. Nc2 Nc4 22. b3 Na3+ 23. Nxa3 Qxa3 24. Be3 Qa5 25. Bc1 g6 26. hxg6 Rxh2 27. Rxh2 Rxh2 28. Ne2 Qa6 29. Rd2 fxg6 30. Qg4 Kd7 31. Qf3 Bh6 32. Ng1 Nh4 33. Qg3 Rxd2 34. Bxd2 Qf1+ 35. Kc2 Ng2 36. Qxg6 Bxf4 37. Qf7+ Kd8 38. Qf8+ Kc7 39. Qd6+ Kb6 40. Qc5+ Kc7 1/2-1/2

[Event "Soukhumi op"]
[Site "Soukhumi"]
[Date "2007.08.10"]
[Round "7"]
[White "Arhangelsky, Vladislav"]
[Black "Kretov, Evgenij"]
[Result "0-1"]
[WhiteElo "2366"]
[BlackElo "2138"]
[PlyCount "78"]
[EventDate "2007.08.03"]
[EventType "swiss"]
[EventRounds "9"]
[EventCountry "RUS"]
[SourceTitle "EXT 2009"]
[Source "ChessBase"]
[SourceDate "2008.11.26"]
[SourceVersion "1"]
[SourceVersionDate "2008.11.26"]
[SourceQuality "1"]

1. e4 c5 2. Nc3 Nc6 3. d3 g6 4. Be3 d6 5. Qd2 Bg7 6. Nf3 e5 7. Nd5 Nd4 8. Nxd4 cxd4 9. Bg5 f6 10. Bh4 g5 11. Bg3 Ne7 12. Nxe7 Qxe7 13. h4 h5 14. Qb4 g4 15. 0-0-0 Bh6+ 16. Kb1 Rg8 17. c3 dxc3 18. Qxc3 Be6 19. d4 Kf7 20. d5 Bd7 21. Qb3 b5 22. Be2 a5 23. f3 gxf3 24. Bxf3 Rxg3 25. Bxh5+ Rg6 26. Bxg6+ Kxg6 27. g4 Bxg4 28. Rdg1 Qd7 29. h5+ Kh7 30. Qg3 f5 31. Ka1 a4 32. exf5 Bxf5 33. a3 b4 34. axb4 Qb7 35. Qh4 a3 36. b3 Qc7 37. Qc4 Qxc4 38. bxc4 Bd3 39. c5 Be3 0-1